<?xml version="1.0" encoding="UTF-8"?>
<record
    xmlns:xsi="http://www.w3.org/2001/XMLSchema-instance"
    xsi:schemaLocation="http://www.loc.gov/MARC21/slim http://www.loc.gov/standards/marcxml/schema/MARC21slim.xsd"
    xmlns="http://www.loc.gov/MARC21/slim">

  <leader>00689nam a22002055i 4500</leader>
  <controlfield tag="001">BNC01000000000000001254074</controlfield>
  <controlfield tag="003">CL-SaCFP</controlfield>
  <controlfield tag="005">20260227091907.0</controlfield>
  <controlfield tag="008">260108s                      000 0 spa  </controlfield>
  <datafield tag="015" ind1=" " ind2=" ">
    <subfield code="a">cl-2025-xxxx</subfield>
    <subfield code="2">bcl</subfield>
  </datafield>
  <datafield tag="040" ind1=" " ind2=" ">
    <subfield code="a">clsabn</subfield>
    <subfield code="b">spa</subfield>
    <subfield code="c">clsabn</subfield>
    <subfield code="e">rda</subfield>
  </datafield>
  <datafield tag="099" ind1=" " ind2=" ">
    <subfield code="a">sec/20260108</subfield>
  </datafield>
  <datafield tag="100" ind1="1" ind2=" ">
    <subfield code="a">Wernicke, Luciano</subfield>
  </datafield>
  <datafield tag="245" ind1="1" ind2="0">
    <subfield code="a">Historias ins&#xF3;litas del f&#xFA;tbol :</subfield>
    <subfield code="b">curiosidades y casos incre&#xED;bles del futbol mundial /</subfield>
    <subfield code="c">Luciano Wernicke.</subfield>
  </datafield>
  <datafield tag="250" ind1=" " ind2=" ">
    <subfield code="a">Primera edici&#xF3;n chilena : julio 2025.</subfield>
  </datafield>
  <datafield tag="264" ind1="1" ind2=" ">
    <subfield code="a">[Chile] :</subfield>
    <subfield code="b">Tejero Ediciones,</subfield>
    <subfield code="c">2025.</subfield>
  </datafield>
  <datafield tag="264" ind1="3" ind2=" ">
    <subfield code="a">Santiago, Chile :</subfield>
    <subfield code="b">a Impresores,</subfield>
    <subfield code="c">2025.</subfield>
  </datafield>
  <datafield tag="300" ind1=" " ind2=" ">
    <subfield code="a">268 p&#xE1;ginas ;</subfield>
    <subfield code="c">21 cm.</subfield>
  </datafield>
  <datafield tag="942" ind1=" " ind2=" ">
    <subfield code="2">ddc</subfield>
    <subfield code="c">LIBRO</subfield>
  </datafield>
  <datafield tag="952" ind1=" " ind2=" ">
    <subfield code="0">0</subfield>
    <subfield code="1">0</subfield>
    <subfield code="2">ddc</subfield>
    <subfield code="4">0</subfield>
    <subfield code="7">0</subfield>
    <subfield code="8">CG</subfield>
    <subfield code="a">BC</subfield>
    <subfield code="b">BC</subfield>
    <subfield code="c">CG</subfield>
    <subfield code="d">2026-02-27</subfield>
    <subfield code="l">2</subfield>
    <subfield code="m">2</subfield>
    <subfield code="p">3563000054700</subfield>
    <subfield code="r">2026-04-30 17:12:13</subfield>
    <subfield code="s">2026-04-01</subfield>
    <subfield code="w">2026-02-27</subfield>
    <subfield code="y">LIBRO</subfield>
  </datafield>
  <datafield tag="999" ind1=" " ind2=" ">
    <subfield code="c">16339</subfield>
    <subfield code="d">16339</subfield>
  </datafield>
</record>
